000 002840000a22001090004500
090 _aAS
_bSeriadas
245 1 0 _aBiodiversidad y variedades vegetales I
041 0 _aEspañol
100 1 _aHernández Salgar, Ana María
_94260
942 _cARTICULO
773 1 _tBiosintesis
_h22
_q1-4
_d2000
999 _c15934
_d15934